[Event "East Detroit (MCO/5/2)"]
[Site "?"]
[Date "1985.??.??"]
[Round "?"]
[White "Formanek, E.."]
[Black "Nickoloff, B.."]
[Result "0-1"]
[WhiteElo "2455"]
[BlackElo "2485"]
[PlyCount "66"]
[EventDate "1985.??.??"]

{5/(2)} 1. e4 c5 2. Nf3 e6 3. d4 cxd4 4. Nxd4 Nf6 5. Nc3 d6 6. g4 h6 7. h4 Nc6
8. Rg1 h5 9. g5 Ng4 10. Nb3 g6 11. Bf4 a6 12. Qe2 Qb6 13. Bh3 Bg7 14. Bxg4 hxg4
15. Be3 Qc7 16. Rxg4 Bxc3+ 17. bxc3 e5 18. Rg1 Na5 19. O-O-O Be6 20. Qd3 O-O-O
21. Rh1 Bc4 22. Qd2 d5 23. Qe1 d4 24. cxd4 Bxb3 25. axb3 exd4 26. Bd2 Nxb3+ 27.
Kb2 Nc5 28. Ba5 b6 29. Bb4 Rhe8 30. f3 Re6 31. Bxc5 bxc5 32. Ra1 Rb6+ 33. Ka2
Rb4 0-1

[Event "East Detroit (MCO/3/3)"]
[Site "?"]
[Date "1985.??.??"]
[Round "?"]
[White "Formanek, E.."]
[Black "Jarosz, Stan"]
[Result "1-0"]
[WhiteElo "2455"]
[BlackElo "2080"]
[PlyCount "55"]
[EventDate "1985.??.??"]

{3/(3)} 1. d4 d5 2. c4 e6 3. Nc3 Be7 4. Nf3 Nf6 5. g3 O-O 6. Bg2 dxc4 7. Qa4 a6
8. Qxc4 b5 9. Qb3 Bb7 10. O-O Nbd7 11. Rd1 c5 12. dxc5 Bxc5 13. Ne5 Bxg2 14.
Kxg2 Qb6 15. Nxd7 Nxd7 16. Ne4 Qc6 17. f3 Be7 18. Be3 Nb6 19. Rac1 Nc4 20. Bd4
f5 21. Nd2 Bg5 22. Nxc4 Bxc1 23. Ne5 Qc7 24. Bc3 Bh6 25. Qxe6+ Kh8 26. Rd7 Qc5
27. Qxh6 gxh6 28. Nf7+ 1-0

[Event "East Detroit (MCO/1/3)"]
[Site "?"]
[Date "1985.??.??"]
[Round "?"]
[White "Formanek, E.."]
[Black "Foord, Allan"]
[Result "1-0"]
[WhiteElo "2455"]
[BlackElo "1655"]
[PlyCount "83"]
[EventDate "1985.??.??"]

{1/(3)} 1. d4 Nf6 2. c4 c5 3. d5 e6 4. Nc3 exd5 5. cxd5 d6 6. e4 g6 7. f4 Bg7
8. Bb5+ Bd7 9. e5 dxe5 10. fxe5 Bxb5 11. exf6 Bxf6 12. Nxb5 Qa5+ 13. Nc3 Bxc3+
14. bxc3 Qxc3+ 15. Bd2 Qd4 16. Nf3 Qxd5 17. Bh6 Qxd1+ 18. Rxd1 Nc6 19. O-O Rd8
20. Rfe1+ Ne7 21. Rxd8+ Kxd8 22. Ne5 Kc7 23. Nxf7 Re8 24. Bf4+ Kd7 25. Ne5+ Kc8
26. Nc4 Kd7 27. a4 Nd5 28. Rxe8 Kxe8 29. Bb8 Nb6 30. Nxb6 axb6 31. Bc7 c4 32.
Kf2 Kd7 33. Bxb6 Kc6 34. Bd4 b5 35. axb5+ Kxb5 36. Ke3 Kb4 37. Kd2 Kb3 38. h4
h5 39. g3 Kb4 40. Kc2 Ka4 41. Kc3 Kb5 42. Be3 1-0

[Event "East Detroit (MCO/5/39)"]
[Site "?"]
[Date "1985.??.??"]
[Round "?"]
[White "Foord, Allan"]
[Black "Small, R.."]
[Result "0-1"]
[WhiteElo "1675"]
[BlackElo "1605"]
[PlyCount "80"]
[EventDate "1985.??.??"]

{5/(39)} 1. e4 e5 2. Nf3 Nc6 3. Bb5 d6 4. d4 exd4 5. Nxd4 Bd7 6. O-O Nxd4 7.
Bxd7+ Qxd7 8. Qxd4 Ne7 9. Bg5 f6 10. Be3 Nc6 11. Qd5 g5 12. Nc3 O-O-O 13. a4
Kb8 14. a5 a6 15. Rfb1 Nb4 16. Qb3 Nc6 17. Nd5 Bg7 18. c4 h5 19. Qc2 h4 20. b4
f5 21. Bxg5 Rdf8 22. Ra3 Nd4 23. Qd3 h3 24. exf5 Rxf5 25. Be3 Nf3+ 26. gxf3
Rxf3 27. Ba7+ Kxa7 28. Qxf3 Be5 29. Qe3+ Kb8 30. f4 Qg7+ 31. Qg3 Bd4+ 32. Kf1
Qh7 33. Re1 Rg8 34. Qxh3 Rg1+ 35. Ke2 Qc2+ 36. Kf3 Rxe1 37. Qg3 Qe4+ 38. Kg4
Rg1 39. Qxg1 Bxg1 40. h4 Qxc4 0-1

[Event "East Detroit (MCO/4/33)"]
[Site "?"]
[Date "1985.??.??"]
[Round "?"]
[White "Foord, Allan"]
[Black "Kulik, J.."]
[Result "0-1"]
[WhiteElo "1675"]
[BlackElo "1605"]
[PlyCount "76"]
[EventDate "1985.??.??"]

{4/(33)} 1. e4 e6 2. d4 d5 3. Nc3 c5 4. Nf3 Nc6 5. Be3 Qb6 6. Na4 Qa5+ 7. Nc3
dxe4 8. Ng5 Nf6 9. Qd2 cxd4 10. Bxd4 Nxd4 11. Qxd4 Qxg5 12. Rd1 Bd7 13. Nxe4
Qd5 14. Nxf6+ gxf6 15. Qxf6 Qe4+ 16. Kd2 Rg8 17. f3 Qb4+ 18. Kc1 Bg7 19. c3
Bxf6 20. cxb4 Ba4 21. b3 Rc8+ 22. Kb1 Bc6 23. b5 Bd5 24. h4 Be5 25. Rh3 Rg3 26.
Rxg3 Bxg3 27. h5 f5 28. Bd3 Rd8 29. Rc1 b6 30. Rc2 Ke7 31. Re2 Kf6 32. Bc2 Rd7
33. a4 Kg5 34. Kb2 Rc7 35. Rd2 Be5+ 36. Ka3 Rc3 37. Kb4 Kxh5 38. Bxf5 Rxb3# 0-1

[Event "East Detroit (MCO/2/37)"]
[Site "?"]
[Date "1985.??.??"]
[Round "?"]
[White "Foord, Allan"]
[Black "Galazyn, R.."]
[Result "0-1"]
[WhiteElo "1675"]
[BlackElo "1605"]
[PlyCount "62"]
[EventDate "1985.??.??"]

{2/(37)} 1. e4 c5 2. Nf3 d6 3. d4 cxd4 4. Nxd4 Nf6 5. Nc3 g6 6. Be3 Bg7 7. f3
a6 8. Qd2 O-O 9. Bc4 b5 10. Bb3 Nbd7 11. Nc6 Qe8 12. g4 Nc5 13. g5 Qxc6 14.
gxf6 Nxb3 15. axb3 Bxf6 16. Nd5 Bh4+ 17. Ke2 Re8 18. Bg5 Bxg5 19. Qxg5 Qxc2+
20. Ke3 Qxb3+ 21. Kf4 e5+ 22. Kg3 Ra7 23. Nf6+ Kf8 24. Nxh7+ Kg7 25. Nf6 Rh8
26. h4 Qe6 27. Ng4 Rh5 28. Qe3 Rc7 29. Rad1 f5 30. exf5 gxf5 31. Nf2 f4+ 0-1

[Event "East Detroit (MCO/6/42)"]
[Site "?"]
[Date "1985.??.??"]
[Round "?"]
[White "Fletcher, G.."]
[Black "Willis, F.."]
[Result "1-0"]
[WhiteElo "1605"]
[BlackElo "1605"]
[PlyCount "25"]
[EventDate "1985.??.??"]

{6/(42)} 1. e4 c5 2. Nf3 Nc6 3. Nc3 Nf6 4. Bc4 d6 5. d3 e6 6. Bg5 Be7 7. O-O
O-O 8. Nd2 a6 9. f4 Na5 10. e5 Nxc4 11. exf6 gxf6 12. Bh6 Nxd2 13. Qg4+ 1-0

[Event "East Detroit (MCO/4/47)"]
[Site "?"]
[Date "1985.??.??"]
[Round "?"]
[White "Fletcher, G.."]
[Black "Suess, J.."]
[Result "1-0"]
[WhiteElo "1605"]
[BlackElo "1605"]
[PlyCount "75"]
[EventDate "1985.??.??"]

{4/(47)} 1. e4 e5 2. Nf3 Nc6 3. Bb5 Bd6 4. d3 h6 5. Nc3 Nf6 6. O-O Nd4 7. Nxd4
exd4 8. Ne2 Be5 9. f4 Bd6 10. e5 c6 11. Bc4 b5 12. Bb3 Ng4 13. exd6 Ne3 14.
Bxe3 dxe3 15. Rf3 O-O 16. Rxe3 Re8 17. Rxe8+ Qxe8 18. Ng3 Qe3+ 19. Kh1 Bb7 20.
Qf3 Qxf3 21. gxf3 Re8 22. Ne4 c5 23. Re1 Kh7 24. Nf6+ gxf6 25. Rxe8 Bxf3+ 26.
Kg1 Kg6 27. Re7 Kf5 28. Rxd7 Bc6 29. Rc7 Bf3 30. d7 Kxf4 31. d8=Q f5 32. Re7
Bh5 33. Qb8+ Kg5 34. Bxf7 Bg4 35. Kg2 Kf6 36. Qd6+ Kg7 37. Be6+ Kf8 38. Qd8#
1-0

[Event "East Detroit (MCO/1/22)"]
[Site "?"]
[Date "1985.??.??"]
[Round "?"]
[White "Fletcher, G.."]
[Black "Darbro, D.."]
[Result "0-1"]
[WhiteElo "1605"]
[BlackElo "2010"]
[PlyCount "62"]
[EventDate "1985.??.??"]

{1/(22)} 1. e4 e6 2. d4 d5 3. exd5 exd5 4. Nc3 c6 5. Nf3 Bd6 6. Bg5 Ne7 7. Bd3
O-O 8. O-O f6 9. Be3 Bf5 10. Bxf5 Nxf5 11. Qd3 Nxe3 12. fxe3 f5 13. Nd2 g6 14.
Rf2 Nd7 15. Raf1 Qc7 16. g3 Rae8 17. Nd1 b5 18. c3 Nf6 19. b3 Qa5 20. c4 bxc4
21. bxc4 Qxa2 22. c5 Bb8 23. Nb3 Qa4 24. g4 Nxg4 25. Rg2 Bxh2+ 26. Rxh2 Nxh2
27. Kxh2 Qb4 28. Rf4 Re4 29. Rxe4 fxe4 30. Qb1 Qb8+ 31. Kg2 Rf3 0-1

[Event "East Detroit (MCO/4/42)"]
[Site "?"]
[Date "1985.??.??"]
[Round "?"]
[White "Fleming, G.."]
[Black "Thomas, Jeff"]
[Result "0-1"]
[WhiteElo "1605"]
[BlackElo "1605"]
[PlyCount "138"]
[EventDate "1985.??.??"]

{4/(42)} 1. c4 e6 2. e4 Bc5 3. Nf3 c6 4. d4 Qa5+ 5. Nc3 Bb4 6. Bd2 Nf6 7. a3
Bxc3 8. Bxc3 Qd8 9. Bd3 d6 10. e5 dxe5 11. Nxe5 Nbd7 12. O-O c5 13. Nxd7 Nxd7
14. dxc5 O-O 15. Qg4 f6 16. Rad1 Qc7 17. Qxe6+ Kh8 18. Qd6 Qxc5 19. Qg3 Qh5 20.
Bc2 Nb6 21. Rd4 Bf5 22. Rh4 Qg5 23. Bxf5 Qxf5 24. Qh3 Qxh3 25. Rxh3 Nxc4 26.
Rd1 Rad8 27. Rxd8 Rxd8 28. g3 Rd3 29. Rh4 Nxa3 30. Ra4 Nb5 31. Rb4 Nxc3 32.
bxc3 Rd7 33. c4 Kg8 34. Kg2 Kf7 35. Kf3 Ke6 36. Ke4 f5+ 37. Kf4 Rd4+ 38. Ke3
Rd7 39. f4 h6 40. Rb5 Re7 41. Kd4 Rd7+ 42. Ke3 g6 43. Rc5 a6 44. Rc8 Kf7 45.
Ra8 Re7+ 46. Kd4 Re8 47. Ra7 Rb8 48. Kd5 Rd8+ 49. Kc5 Rd7 50. Kb6 Ke6 51. c5
Kd5 52. c6 Rd6 53. Kxb7 Rxc6 54. Kb8 Ke4 55. Rb7 Kf3 56. Rb2 g5 57. Rb3+ Kg4
58. fxg5 hxg5 59. Rb4+ f4 60. gxf4 gxf4 61. h3+ Kg3 62. h4 f3 63. Rb3 Kg2 64.
Rb4 f2 65. Rg4+ Kf3 66. Rg7 f1=Q 67. Rf7+ Ke2 68. Rxf1 Kxf1 69. Kb7 Rh6 0-1

[Event "East Detroit (MCO/1/38)"]
[Site "?"]
[Date "1985.??.??"]
[Round "?"]
[White "Fleming, G.."]
[Black "Proszkow, T.."]
[Result "0-1"]
[WhiteElo "1605"]
[BlackElo "1760"]
[PlyCount "60"]
[EventDate "1985.??.??"]

{1/(38)} 1. e4 c5 2. b3 Nc6 3. Nf3 d6 4. h3 Nf6 5. d3 e6 6. Bb2 Be7 7. e5 Nxe5
8. Nxe5 dxe5 9. Bxe5 O-O 10. Nd2 b6 11. Qf3 Bd7 12. O-O-O Rc8 13. Nc4 Bc6 14.
Qg3 b5 15. Na3 Qa5 16. Bb2 c4 17. Nb1 cxb3 18. axb3 Rfd8 19. Be2 Bd6 20. Be5
Bxe5 21. Qxe5 Bd5 22. c4 bxc4 23. dxc4 Qb6 24. Kb2 Nd7 25. Qc3 Nc5 26. Nd2 Na4+
27. Kc2 Nxc3 28. Kxc3 Qxf2 29. Bd3 Bxg2 30. Rhg1 Qd4+ 0-1

[Event "East Detroit (MCO/6/38)"]
[Site "?"]
[Date "1985.??.??"]
[Round "?"]
[White "Fleming, G.."]
[Black "Clines, S.."]
[Result "0-1"]
[WhiteElo "1605"]
[BlackElo "1605"]
[PlyCount "88"]
[EventDate "1985.??.??"]

{6/(38)} 1. c4 Nf6 2. Nc3 b6 3. e4 Bb7 4. d3 Nc6 5. Nf3 e6 6. e5 Ng4 7. h3
Ngxe5 8. Bf4 Ng6 9. Bg3 Bb4 10. Qc2 e5 11. a3 Be7 12. Be2 d6 13. O-O O-O 14.
Nd5 Rc8 15. Qd1 Bh4 16. d4 Bxg3 17. fxg3 Nce7 18. Nc3 Re8 19. d5 c6 20. Nh4
Nxh4 21. gxh4 cxd5 22. cxd5 Ng6 23. h5 Nf4 24. Bf3 Qg5 25. g4 Nxh3+ 26. Kh2 Qh4
27. Kg2 Nf4+ 28. Kg1 Ba6 29. Rf2 Nh3+ 30. Kg2 Qxf2+ 31. Kxh3 Qxb2 32. Ne4 Rc2
33. Rb1 Qa2 34. Ra1 Qb3 35. Rb1 Qa4 36. Nc3 Qf4 37. Qxc2 Qxf3+ 38. Kh2 Rc8 39.
Qc1 Qxc3 40. Qg1 Qc2+ 41. Kg3 Qd3+ 42. Kh4 Rc3 43. Qh1 Qg3+ 44. Kg5 Qf4+ 0-1

[Event "East Lansing (MI Op/1b/5)"]
[Site "?"]
[Date "1985.??.??"]
[Round "?"]
[White "Fischvogt, Eric"]
[Black "Owens, James"]
[Result "1-0"]
[WhiteElo "2160"]
[BlackElo "1860"]
[PlyCount "93"]
[EventDate "1985.??.??"]

1. e4 e6 2. d4 d5 3. Nc3 Nf6 4. Bg5 Be7 5. e5 Nfd7 6. h4 h6 7. Bxe7 Qxe7 8. Bd3
a6 9. Qg4 O-O 10. f4 f5 11. Qg3 c5 12. Nf3 Nc6 13. O-O-O b5 14. dxc5 Nxc5 15.
Rh3 Bd7 16. h5 b4 17. Ne2 Rfd8 18. Kb1 a5 19. Ned4 Nxd4 20. Nxd4 Be8 21. Qf3
Kh8 22. g4 fxg4 23. Qxg4 Nxd3 24. Rhxd3 Ra6 25. Rg3 Rc8 26. Rdg1 Rc7 27. f5
exf5 28. Nxf5 Qf8 29. Nxg7 Rf7 30. b3 Bd7 31. e6 Rf1+ 32. Rxf1 Qxf1+ 33. Kb2
Qf6+ 34. Kc1 Qf1+ 35. Kd2 Qf2+ 36. Qe2 Qxg3 37. Qxa6 Qxg7 38. exd7 Qxd7 39.
Qxh6+ Kg8 40. Qg6+ Kf8 41. Qf6+ Kg8 42. h6 Kh7 43. Qf8 Qg4 44. Qg7+ Qxg7 45.
hxg7 Kxg7 46. Kd3 Kf6 47. Kd4 1-0

[Event "East Lansing (MI Op/3/8)"]
[Site "?"]
[Date "1985.??.??"]
[Round "?"]
[White "Fischvogt, Eric"]
[Black "Kulbacki, James"]
[Result "1/2-1/2"]
[WhiteElo "2160"]
[BlackElo "2035"]
[PlyCount "75"]
[EventDate "1985.??.??"]

{3/(8)} 1. e4 e6 2. d4 d5 3. Nc3 Nf6 4. Bg5 Be7 5. e5 Ne4 6. Nxe4 Bxg5 7. Nxg5
Qxg5 8. Nf3 Qe7 9. Qd2 b6 10. Bd3 c5 11. c3 Nc6 12. O-O h6 13. Rac1 O-O 14.
Rfe1 Bb7 15. Bb1 cxd4 16. cxd4 Rac8 17. a3 Na5 18. Qd3 g6 19. h4 h5 20. Ng5 Kg7
21. Qf3 Ba6 22. b3 Nc6 23. Rcd1 Nb8 24. Qg3 Rc7 25. f4 Rfc8 26. f5 exf5 27.
Bxf5 Rc3 28. Qf4 gxf5 29. Qxf5 Rh8 30. Rc1 Rc6 31. Rf1 Bxf1 32. Rxf1 f6 33. e6
fxg5 34. Qe5+ Kh7 35. Rf7+ Qxf7 36. exf7 Rc1+ 37. Kh2 Rf1 38. Qxg5 1/2-1/2

[Event "East Lansing (MI Op/5/4)"]
[Site "?"]
[Date "1985.??.??"]
[Round "?"]
[White "Fischvogt, Eric"]
[Black "Hahn, David"]
[Result "1/2-1/2"]
[WhiteElo "2160"]
[BlackElo "2125"]
[PlyCount "43"]
[EventDate "1985.??.??"]

{5/(4)} 1. e4 g6 2. d4 Bg7 3. Nc3 d6 4. f4 a6 5. Nf3 b5 6. a4 b4 7. Na2 a5 8.
c3 bxc3 9. Nxc3 c6 10. Be2 Nf6 11. O-O O-O 12. Kh1 Na6 13. Qe1 Bg4 14. e5 Nd5
15. Nxd5 cxd5 16. Bd2 Nb8 17. Ng5 Bxe2 18. Qxe2 Nc6 19. Qf2 e6 20. Nf3 Qb6 21.
Bc3 Rab8 22. Qe1 1/2-1/2

[Event "East Lansing (MI Op/7/3)"]
[Site "?"]
[Date "1985.??.??"]
[Round "?"]
[White "Fischvogt, Eric"]
[Black "Arganian, David G"]
[Result "1/2-1/2"]
[WhiteElo "2160"]
[BlackElo "2125"]
[PlyCount "135"]
[EventDate "1985.??.??"]

{7/(3)} 1. e4 e6 2. d4 d5 3. Nc3 Bb4 4. a3 Bxc3+ 5. bxc3 dxe4 6. Qg4 Nf6 7.
Qxg7 Rg8 8. Qh6 Nbd7 9. Ne2 c5 10. Ng3 cxd4 11. cxd4 Qc7 12. Qd2 b6 13. Be2 Bb7
14. O-O O-O-O 15. a4 h5 16. f3 Ne5 17. Ra3 h4 18. Rc3 Nc6 19. Nxe4 Nxe4 20.
fxe4 Kb8 21. d5 exd5 22. exd5 Qe5 23. Qf4 Rxd5 24. Bf3 Ka8 25. Qxe5 Nxe5 26.
Bxd5 Bxd5 27. g3 hxg3 28. hxg3 Ng4 29. Rf4 Kb7 30. Ba3 Be6 31. Kf1 Rh8 32. Ke2
Rh2+ 33. Kd1 Rg2 34. Kc1 Ne5 35. Bd6 Nc6 36. Rh4 Rg1+ 37. Kb2 a6 38. Rh8 Rd1
39. Bf4 Rd4 40. Ka3 b5 41. axb5 axb5 42. Kb2 Re4 43. Rh5 Bc4 44. Rh7 Be6 45.
Rd3 Nb4 46. Rxf7+ Bxf7 47. Rd7+ Kc6 48. Rxf7 Nd5 49. Rf8 Nxf4 50. Rxf4 Re2 51.
g4 Rg2 52. Kc3 Rg3+ 53. Kb4 Rg2 54. Kc3 Rg3+ 55. Kd4 Rg2 56. c3 Rg3 57. Ke5
Rxc3 58. g5 Rg3 59. Kf6 Kc5 60. g6 b4 61. g7 Rxg7 62. Kxg7 b3 63. Kf6 b2 64.
Rf1 Kd4 65. Kf5 Kc3 66. Ke4 Kc2 67. Rf2+ Kb3 68. Rf3+ 1/2-1/2

[Event "Westland (MEX/1)"]
[Site "?"]
[Date "1985.??.??"]
[Round "?"]
[White "Finegold, Ron"]
[Black "Karklins, A.."]
[Result "0-1"]
[WhiteElo "2095"]
[BlackElo "2340"]
[PlyCount "67"]
[EventDate "1985.??.??"]

1. Nf3 Nf6 2. c4 b6 3. g3 c5 4. Bg2 Bb7 5. O-O g6 6. b4 cxb4 7. d4 Bg7 8. Qb3
Nc6 9. a3 bxa3 10. Rxa3 Na5 11. Qa2 Rc8 12. Nbd2 Ne4 13. c5 O-O 14. e3 d6 15.
c6 Bxc6 16. d5 Nxd2 17. Bxd2 Bb5 18. Rxa5 bxa5 19. Bxa5 Qd7 20. Re1 Bc4 21. Qd2
Qb5 22. e4 Bb3 23. Bf1 Qa4 24. Bd3 e6 25. Bb4 Rfd8 26. dxe6 Bxe6 27. Ng5 Bb3
28. Ba5 Re8 29. Ba6 Rc2 30. Qb4 Qxb4 31. Bxb4 d5 32. Bd3 Ra2 33. Bb1 Rb2 34.
Bd6 0-1

[Event "East Detroit (MCO/6/2)"]
[Site "?"]
[Date "1985.??.??"]
[Round "?"]
[White "Finegold, Ron"]
[Black "Formanek, E.."]
[Result "0-1"]
[WhiteElo "2095"]
[BlackElo "2455"]
[PlyCount "66"]
[EventDate "1985.??.??"]

{6/(2)} 1. d4 Nf6 2. c4 e6 3. Nc3 Bb4 4. Qc2 c5 5. e3 Nc6 6. Nge2 O-O 7. a3
Bxc3+ 8. Qxc3 b6 9. f3 Bb7 10. b4 d5 11. Bd2 e5 12. dxc5 d4 13. Qb3 bxc5 14. e4
Nd7 15. Ng3 g6 16. Bh6 Re8 17. Bd3 cxb4 18. axb4 a5 19. Bd2 axb4 20. Rxa8 Qxa8
21. O-O Nc5 22. Qb1 Qa5 23. f4 Qa3 24. Rf3 b3 25. Qf1 Qa2 26. f5 Nxd3 27. fxg6
hxg6 28. Rxf7 Qxd2 29. Nf5 Kxf7 30. Nd6+ Ke6 31. Qf7+ Kxd6 32. c5+ Nxc5 33.
Qd5+ Kc7 0-1

[Event "East Detroit (MCO/2/9)"]
[Site "?"]
[Date "1985.??.??"]
[Round "?"]
[White "Finegold, Ron"]
[Black "Burg, Dan"]
[Result "1-0"]
[WhiteElo "2095"]
[BlackElo "1850"]
[PlyCount "25"]
[EventDate "1985.??.??"]

{2/(9)} 1. Nf3 Nf6 2. d4 d5 3. Bf4 Nh5 4. Bd2 g6 5. c4 c6 6. Na3 Bg7 7. cxd5
Qxd5 8. e3 O-O 9. h3 c5 10. Bc4 Qe4 11. Qb3 h6 12. Bd5 Qf5 13. g4 1-0

[Event "East Detroit (MCO/3/10)"]
[Site "?"]
[Date "1985.??.??"]
[Round "?"]
[White "Finegold, Ben"]
[Black "Szczypka, Tom"]
[Result "1-0"]
[WhiteElo "2330"]
[BlackElo "1920"]
[PlyCount "29"]
[EventDate "1985.??.??"]

{3/(10)} 1. d4 Nf6 2. c4 c5 3. Nf3 cxd4 4. Nxd4 Nc6 5. Nc3 e5 6. Ndb5 d6 7. Nd5
Nxd5 8. cxd5 Qa5+ 9. Nc3 Nd4 10. e3 Nf5 11. Bb5+ Bd7 12. Bxd7+ Kxd7 13. Qg4 g6
14. e4 Qb4 15. Qh3 1-0

[Event "Westland (SEMO/2/3)"]
[Site "?"]
[Date "1985.??.??"]
[Round "?"]
[White "Finegold, Ben"]
[Black "Smith, Walt"]
[Result "1-0"]
[WhiteElo "2325"]
[BlackElo "2035"]
[PlyCount "99"]
[EventDate "1985.??.??"]

{2/(3)} 1. d4 Nf6 2. c4 e6 3. Nc3 Bb4 4. Qc2 c5 5. dxc5 Qa5 6. Bd2 Qxc5 7. e3
Nc6 8. a3 Bxc3 9. Bxc3 a5 10. Nf3 b6 11. Be2 Ba6 12. O-O Rc8 13. b4 axb4 14.
axb4 Nxb4 15. Bxb4 Qxb4 16. Rxa6 b5 17. Rb1 Qc5 18. Ra5 Qc7 19. Raxb5 O-O 20.
Qb2 Ne4 21. Rb7 Qa5 22. Rxd7 Nc3 23. Rc1 Nxe2+ 24. Qxe2 Rc5 25. h3 h6 26. Rcd1
Rfc8 27. Qd3 Rxc4 28. Rd8+ Rxd8 29. Qxd8+ Qxd8 30. Rxd8+ Kh7 31. Kh2 Rc2 32.
Kg3 Rc7 33. Kf4 f6 34. g4 e5+ 35. Kg3 Kg6 36. Nh4+ Kh7 37. Re8 Ra7 38. Nf5 Ra4
39. Re7 h5 40. Rxg7+ Kh8 41. Rf7 hxg4 42. hxg4 Ra6 43. Kh4 Kg8 44. Rb7 e4 45.
Kh5 Kf8 46. Kg6 Ke8 47. Re7+ Kf8 48. Rxe4 Ra7 49. Rd4 Rd7 50. Rxd7 1-0

[Event "New York op"]
[Site "New York"]
[Date "1985.??.??"]
[Round "9"]
[White "Finegold, Ben"]
[Black "Schroer, Jonathan"]
[Result "1/2-1/2"]
[WhiteElo "2245"]
[BlackElo "2365"]
[PlyCount "45"]
[EventDate "1985.03.??"]

1. d4 d5 2. c4 c6 3. Nf3 Nf6 4. cxd5 cxd5 5. Nc3 Nc6 6. Bf4 Bg4 7. e3 Qb6 8.
Qb3 Qxb3 9. axb3 Bxf3 10. gxf3 e6 11. Bb5 Kd7 12. Rg1 Nh5 13. Bg3 Nxg3 14. hxg3
Bd6 15. Ke2 a6 16. Bxc6+ bxc6 17. Kd3 Rhb8 18. Kc2 Rb6 19. Ra5 Bb4 20. Ra4 Rab8
21. Rga1 Bxc3 22. bxc3 Rxb3 23. R1a2 1/2-1/2

[Event "East Detroit (MCO/1/5)"]
[Site "?"]
[Date "1985.??.??"]
[Round "?"]
[White "Finegold, Ben"]
[Black "Morneau, F.."]
[Result "1/2-1/2"]
[WhiteElo "2330"]
[BlackElo "1660"]
[PlyCount "92"]
[EventDate "1985.??.??"]

{1/(5)} 1. d4 Nf6 2. c4 c5 3. Nf3 g6 4. e3 Bg7 5. Nc3 cxd4 6. Nxd4 Nc6 7. Be2
e6 8. Ndb5 d5 9. cxd5 exd5 10. Nxd5 Nxd5 11. Qxd5 O-O 12. Qxd8 Rxd8 13. O-O a6
14. Nc3 Bf5 15. e4 Bxc3 16. exf5 Bg7 17. fxg6 hxg6 18. Be3 Nd4 19. Bxd4 Rxd4
20. Rad1 Rad8 21. Rxd4 Rxd4 22. Bf3 Ra4 23. b3 Rxa2 24. Bxb7 a5 25. Rd1 Ra1 26.
Rxa1 Bxa1 27. h4 Kg7 28. g4 Bf6 29. g5 Be5 30. Kg2 f6 31. Kf3 fxg5 32. hxg5 Bd6
33. Ke4 Bb4 34. f4 Bd2 35. Bc6 Bb4 36. Kf3 Bd2 37. Kg4 Bc3 38. Be4 Bd4 39. Bxg6
Kxg6 40. f5+ Kf7 41. Kh5 Kg7 42. Kg4 Be5 43. Kf3 Bb2 44. Kf4 Bc1+ 45. Kg4 Bd2
46. Kh5 Bc3 1/2-1/2

[Event "East Detroit (MCO/5/3)"]
[Site "?"]
[Date "1985.??.??"]
[Round "?"]
[White "Finegold, Ben"]
[Black "Mills, J.."]
[Result "1/2-1/2"]
[WhiteElo "2210"]
[BlackElo "2330"]
[PlyCount "63"]
[EventDate "1985.??.??"]

{5/(3)} 1. d4 g6 2. Nf3 Bg7 3. c4 d6 4. Nc3 Nd7 5. e4 e5 6. Be2 Ne7 7. dxe5
dxe5 8. b3 O-O 9. Ba3 Re8 10. O-O Nc6 11. Bc1 Nf8 12. Qxd8 Rxd8 13. Bg5 f6 14.
Be3 Ne6 15. Rfd1 Ncd4 16. Bxd4 exd4 17. Nd5 Kf8 18. Rab1 c6 19. Nb4 f5 20. exf5
Nf4 21. Bf1 Bxf5 22. Nd3 Ne6 23. Nh4 Be4 24. g3 Ng5 25. f4 Nf7 26. Re1 Re8 27.
Rbd1 Bxd3 28. Bxd3 Rxe1+ 29. Rxe1 Re8 30. Rxe8+ Kxe8 31. g4 Ke7 32. Kg2 1/2-1/2

[Event "Westland (SEMO/4/1)"]
[Site "?"]
[Date "1985.??.??"]
[Round "?"]
[White "Finegold, Ben"]
[Black "Lindsay, F.."]
[Result "1/2-1/2"]
[WhiteElo "2325"]
[BlackElo "2325"]
[PlyCount "25"]
[EventDate "1985.??.??"]

{4/(1)} 1. d4 e6 2. e4 d5 3. Nd2 Nf6 4. e5 Nfd7 5. Bd3 c5 6. c3 Nc6 7. Ndf3
cxd4 8. cxd4 Qb6 9. Ne2 f6 10. exf6 Nxf6 11. O-O Bd6 12. Re1 O-O 13. Nf4
1/2-1/2

[Event "Midwest Masters"]
[Site "Chicago"]
[Date "1985.??.??"]
[Round "5"]
[White "Finegold, Ben"]
[Black "Frumkin, Edward"]
[Result "1-0"]
[WhiteElo "2245"]
[BlackElo "2200"]
[PlyCount "87"]
[EventDate "1985.??.??"]

1. d4 g6 2. Nf3 Bg7 3. Bf4 d6 4. e4 c5 5. c3 Bg4 6. dxc5 dxc5 7. Qxd8+ Kxd8 8.
Na3 Bxf3 9. gxf3 Bh6 10. O-O-O+ Ke8 11. Bxh6 Nxh6 12. Rd5 b6 13. Bb5+ Kf8 14.
Rhd1 a6 15. Rd8+ Kg7 16. Rxh8 Kxh8 17. Rd8+ Kg7 18. Bc6 Nxc6 19. Rxa8 Ne5 20.
Rxa6 Nxf3 21. Rxb6 Nxh2 22. Nc4 N6g4 23. a4 h5 24. a5 h4 25. a6 Nf3 26. a7 h3
27. a8=Q h2 28. Rb8 h1=Q+ 29. Kc2 Nxf2 30. Rg8+ Kf6 31. e5+ Kg5 32. Ne3 c4 33.
Rh8 Ne1+ 34. Kb1 Qg1 35. Qa7 Ned3+ 36. Ka2 Ne4 37. Qxe7+ f6 38. exf6 Nxc3+ 39.
bxc3 Qf2+ 40. Ka3 Qb2+ 41. Ka4 Qb3+ 42. Ka5 Qxc3+ 43. Ka6 Nb4+ 44. Kb5 1-0

[Event "Midwest Masters"]
[Site "Chicago"]
[Date "1985.??.??"]
[Round "1"]
[White "Finegold, Ben"]
[Black "Buzbuchi, Ionut"]
[Result "1/2-1/2"]
[WhiteElo "2245"]
[BlackElo "2340"]
[PlyCount "94"]
[EventDate "1985.??.??"]

1. d4 Nf6 2. c4 c5 3. Nf3 cxd4 4. Nxd4 e5 5. Nb5 d5 6. cxd5 Bc5 7. e3 O-O 8.
N5c3 e4 9. Be2 Qe7 10. a3 Rd8 11. b4 Bd6 12. Bb2 Nbd7 13. Nd2 Nb6 14. Qb3 Nbxd5
15. Nxd5 Nxd5 16. Qxd5 Bxb4 17. Qxd8+ Qxd8 18. axb4 Bf5 19. Nb3 Qe7 20. Ba3 Qg5
21. Kf1 h5 22. h4 Qf6 23. Nd4 Rd8 24. Bb2 Bg4 25. Bxg4 hxg4 26. g3 Qd6 27. Bc3
Qc7 28. Rc1 Rxd4 29. exd4 e3 30. fxe3 Qxg3 31. Ke2 Qf3+ 32. Kd3 Qf5+ 33. Kc4
Qe6+ 34. d5 b5+ 35. Kxb5 Qxd5+ 36. Ka6 Qd3+ 37. Kxa7 Qxe3+ 38. Ka6 Qe6+ 39. Ka5
Qa2+ 40. Kb6 Qe6+ 41. Kc5 Qe7+ 42. Kc4 Qe6+ 43. Kd4 f5 44. b5 g3 45. Rb1 Qe4+
46. Kc5 Qe7+ 47. Kc4 Qe6+ 1/2-1/2

[Event "Westland (SEMO/5/1)"]
[Site "?"]
[Date "1985.??.??"]
[Round "?"]
[White "Finegold, Ben"]
[Black "Barth, J.."]
[Result "0-1"]
[WhiteElo "2325"]
[BlackElo "2405"]
[PlyCount "78"]
[EventDate "1985.??.??"]

{5/(1)} 1. d4 Nf6 2. Nf3 g6 3. c4 Bg7 4. Nc3 O-O 5. Bg5 d6 6. e3 c5 7. Be2 h6
8. Bh4 cxd4 9. Nxd4 Nc6 10. O-O Bd7 11. Rc1 a6 12. a3 Rc8 13. b4 Ne5 14. Qb3 g5
15. Bg3 Ng6 16. Bd3 e5 17. Nf5 e4 18. Bxe4 Nxe4 19. Nxe4 Bxf5 20. Nxd6 Be6 21.
Rfd1 Qe7 22. Nxc8 Rxc8 23. Qd3 Ne5 24. Bxe5 Bxe5 25. c5 Qc7 26. h3 Qc6 27. f4
gxf4 28. exf4 Bxf4 29. Rc2 Rc7 30. Qd8+ Kh7 31. Rf2 Qe4 32. Qd3 Qxd3 33. Rxd3
Be5 34. Rd8 f6 35. Rfd2 Rg7 36. Kf2 h5 37. R2d3 h4 38. a4 Bf5 39. Rd1 Bc2 0-1

[Event "Midwest Masters"]
[Site "Chicago"]
[Date "1985.??.??"]
[Round "3"]
[White "Finegold, Ben"]
[Black "Allen, Edward J"]
[Result "1/2-1/2"]
[WhiteElo "2245"]
[BlackElo "2200"]
[PlyCount "49"]
[EventDate "1985.??.??"]

1. d4 Nf6 2. c4 g6 3. Nc3 Bg7 4. Nf3 O-O 5. Bg5 h6 6. Bh4 d6 7. e3 Nbd7 8. Be2
g5 9. Bg3 Nh5 10. Qc2 e5 11. dxe5 Nxg3 12. hxg3 g4 13. Nd4 Nxe5 14. Nf5 Qg5 15.
Nxg7 Kxg7 16. Nd5 Bf5 17. Qc3 Rac8 18. Rd1 Rfe8 19. Rd4 h5 20. Rh4 f6 21. Nf4
Bg6 22. Qb3 b6 23. Qa4 a5 24. Qb5 Bf7 25. Qa4 1/2-1/2

[Event "East Detroit (MCO/5/44)"]
[Site "?"]
[Date "1985.??.??"]
[Round "?"]
[White "Feldman, J.."]
[Black "Wlodarczyk, P.."]
[Result "0-1"]
[WhiteElo "1605"]
[BlackElo "1605"]
[PlyCount "58"]
[EventDate "1985.??.??"]

{5/(44)} 1. e4 e5 2. Nf3 Nc6 3. Bc4 Nf6 4. Ng5 d5 5. exd5 Nxd5 6. d4 e4 7. Nxf7
Kxf7 8. Qh5+ Ke6 9. Nc3 Nce7 10. Qe5+ Kf7 11. Nxd5 Be6 12. Nxc7 Bxc4 13. Nxa8
Qxa8 14. Qxe4 Nd5 15. Qf5+ Nf6 16. Bg5 Bb4+ 17. c3 Re8+ 18. Be3 Bd6 19. O-O-O
Bxa2 20. Bg5 Be6 21. Qd3 Ng4 22. Qf3+ Kg6 23. Bf4 Rf8 24. Qd3+ Bf5 25. Qg3
Bxf4+ 26. Qxf4 Qe8 27. h3 Qa4 28. Kd2 Qc2+ 29. Ke1 Re8+ 0-1